000 00339cam a22001454a 4500
020 _a0764536559
040 _cDLC
082 _a778 HUN 2002 A086 Or.
100 1 _aMarshall, J. J.
245 1 0 _aAfter effects(r) 5 bible /
250 _a1st ed.
260 _aIndianapolis, IN :
_bHungry Minds,
_c2002.
300 _ap.
_ccm.
942 _cEK
999 _c11791
_d11791